Reivindicación y condiciones de vida en un asentamiento popular en ciudad de Guatemala
में बचाया:
| स्वरूप: | मूलपाठ |
|---|---|
| भाषा: | Spanish |
| विषय: | |
| टैग: |
टैग जोड़ें
कोई टैग नहीं, इस रिकॉर्ड को टैग करने वाले पहले व्यक्ति बनें!
|
MARC
| LEADER | 00000 a a2200000 04500 | ||
|---|---|---|---|
| 003 | cru CRAI/IIS | ||
| 005 | 20210519140610.0 | ||
| 008 | 210519b |||||||| |||| 00| 0 spa d | ||
| 040 | |c cru CRAI/IIS | ||
| 245 | |a Reivindicación y condiciones de vida en un asentamiento popular en ciudad de Guatemala | ||
| 300 | |a páginas 98-111 | ||
| 500 | |a Colección Centroamérica | ||
| 650 | 0 | |a CONDICIONES DE VIDA |9 423 | |
| 650 | 0 | |a ASENTAMIENTOS HUMANOS |9 5499 | |
| 650 | 0 | |a ZONAS URBANAS |9 744 | |
| 650 | 0 | |a TUGURIOS |9 899 | |
| 650 | 0 | |a CONDICIONES DE TRABAJO |9 1481 | |
| 650 | 0 | |a INGRESO |9 28 | |
| 650 | 0 | |a TIERRA |9 1576 | |
| 650 | 0 | |a CRISIS |9 2520 | |
| 651 | 0 | |9 142 |a GUATEMALA | |
| 773 | 0 | |0 18875 |9 5303 |a Universidad de Costa Rica. |d San José, Costa Rica: Universidad de Costa Rica. Consejo Superior Universitario Centroamericano, 1972- |o 14344 |t Estudios Sociales Centroamericanos / |x 03039676 | |
| 942 | |2 ddc |c PP | ||
| 999 | |c 43681 |d 43681 | ||
